| 000 | 00492nam a2200181Ia 4500 | ||
|---|---|---|---|
| 005 | 20250326123716.0 | ||
| 008 | 250326s9999 xx 000 0 und d | ||
| 037 | _aTextbook | ||
| 040 |
_aFMSL _beng _cFMSL |
||
| 041 |
_aeng _2eng |
||
| 084 |
_aX:97 M6 _qFMSL |
||
| 100 | _aGaur G L | ||
| 245 | 0 |
_aTrade unionism and industrial relations _cGaur G L |
|
| 260 |
_aNew Delhi _bNew Delhi, Deep &Deep _c1986 |
||
| 300 | _a238p | ||
| 942 |
_cTB _hX:97 M6 |
||
| 999 |
_c1270594 _d1270594 |
||